000 01050nam a2200301Ia 4500
001 93434
003 IT-RoPAU
008 130308s9999 xx 000 0 und d
040 _aIT-RoPAU
040 _cIT-RoPAU
041 _aSPAGNOLO
100 _aPalazon Francisco
100 _gCodice Aut. SPICS: 11053
245 _aAnalisis y valoracion de realizaciones musicales en la liturgia
245 _bComunicaciones Fe Y Cultura-Jornadas nacionales de pastoral de los medios de comunicacion Social
250 _a1a ed.
260 _aMADRID
260 _bEdiciones Paulinas
260 _c1984 [1° Ed.:1984 - Ed.Ling.Originale:1984]
300 _a"19 p. (prefazione: no ; testo: 19 [pagine: 61-79])"
500 _aAnalisi e valorizzazione delle realizzazioni Musicali nella Liturgia Musica sacra Musica e Liturgia riforma Liturgica in Spagna mezzi Elettronici nella Liturgia
650 _aCONVEGNI/MANIFESTAZIONI PASTORALE D.CS
650 _eCodice materia Spics: 9315
942 _cBK
957 _71
999 _c64574
_d64574
999 _bSI
999 _g1